Social Indicators Research: Societal Monitoring and Social Reporting

Guardado en:  
Detalles Bibliográficos
Autores principales: Noll, Heinz-Herbert 1949- (Autor) ; Zapf, Wolfgang 1937-2018 (Autor)
Tipo de documento: Print Artículo
Lenguaje:Inglés
Publicado: 1994
En: Trends and perspectives in empirical social research
Año: 1994, Páginas: 1-16
Verificar disponibilidad: HBZ Gateway
Palabras clave:

MARC

LEADER 00000caa a22000002c 4500
001 1525886096
003 DE-627
005 20240223131854.0
007 tu
008 160223s1994 xx ||||| 00| ||eng c
020 |a 3110143127 
035 |a (DE-627)1525886096 
035 |a (DE-576)455886091 
035 |a (DE-599)BSZ455886091 
040 |a DE-627  |b ger  |c DE-627  |e rakwb 
041 |a eng 
100 1 |a Noll, Heinz-Herbert  |d 1949-  |0 (DE-588)170063070  |0 (DE-627)060083573  |0 (DE-576)130975885  |4 aut 
109 |a Noll, Heinz-Herbert 1949-  |a Noll, H. 1949- 
245 1 0 |a Social Indicators Research: Societal Monitoring and Social Reporting  |c Heinz-Herbert Noll and Wolfgang Zapf 
264 1 |c 1994 
336 |a Text  |b txt  |2 rdacontent 
337 |a ohne Hilfsmittel zu benutzen  |b n  |2 rdamedia 
338 |a Band  |b nc  |2 rdacarrier 
700 1 |a Zapf, Wolfgang  |d 1937-2018  |0 (DE-588)124137237  |0 (DE-627)085661783  |0 (DE-576)215361024  |4 aut 
773 0 8 |i In  |t Trends and perspectives in empirical social research  |d Berlin New York, N.Y. : de Gruyter, 1994  |g (1994), Seite 1-16  |h XII, 375 S.  |w (DE-627)277805708  |w (DE-576)040458377  |z 3110143127  |z 3110143119  |7 nnam 
773 1 8 |g year:1994  |g pages:1-16 
935 |a mkri 
951 |a AR 
ELC |b 1 
LOK |0 000 xxxxxcx a22 zn 4500 
LOK |0 001 289935325X 
LOK |0 003 DE-627 
LOK |0 004 1525886096 
LOK |0 005 20251113142238 
LOK |0 008 160208||||||||||||||||ger||||||| 
LOK |0 040   |a DE-21-110  |c DE-627  |d DE-21-110 
LOK |0 689   |a s  |a Sozialdaten 
LOK |0 689   |a s  |a Bevölkerungsumfrage 
LOK |0 689   |a s  |a Erhebung 
LOK |0 689   |a s  |a Methoden 
LOK |0 852   |a DE-21-110 
LOK |0 852 1  |m p  |9 00 
LOK |0 935   |a k110 
LOK |0 938   |k p 
LOK |0 939   |a 08-02-16  |b l01 
ORI |a SA-MARC-krimdoka001.raw